| 000 | 00974cam a2200277 a 4500 | ||
|---|---|---|---|
| 001 | 299 | ||
| 003 | BR-CuiBMT | ||
| 005 | 20231114222301.0 | ||
| 008 | 230927s2015 mgba 000 0 por d | ||
| 020 | _a9788545000365 | ||
| 040 |
_aBR-CuiBMT _cBR-CuiBMT |
||
| 080 |
_22007 _a342.97 _x(81) |
||
| 090 |
_a342.97(81) _bP963 |
||
| 245 | 0 | 2 |
_aO procedimento de manifestação de interesse à luz do ordenamento jurídico brasileiro / _cRafael Valim, Augusto Neves Dal Pozzo, coordenadores |
| 260 |
_aBelo Horizonte : _bFórum, _c2015. |
||
| 300 |
_a266 p. : _bil. ; _c22 cm |
||
| 490 | 1 |
_aColeção Fórum direito e infraestrutura ; _vv. 2 |
|
| 504 | _aInclui bibliografia. | ||
| 650 | _aDireito administrativo | ||
| 650 |
_aLicitações _vLegislação e normas |
||
| 650 |
_aAdministração pública _xControle _zBrasil |
||
| 700 | 1 |
_aValim, Rafael _4coord. |
|
| 700 | 1 |
_aDal Pozzo, Augusto Neves _4coord. |
|
| 830 | 0 |
_aFórum direito e infraestrutura ; _v2 |
|
| 942 |
_2udc _cLV |
||
| 999 |
_c299 _d299 |
||